Statistics for Currencies of the World-With a Map!

Click here to take the quiz!

General Stats

  • This quiz has been taken 60 times
  • The average score is 132 of 196

Answer Stats

Country % Correct
El Salvador
100%
Saint Lucia
100%
Brunei
100%
Ecuador
100%
Suriname
100%
Portugal
100%
Jamaica
100%
Saint Kitts and Nevis
100%
Saint Vincent and the
Grenadines
100%
Trinidad and Tobago
100%
Guyana
100%
Grenada
100%
Singapore
100%
Solomon Islands
100%
Federated States of
Micronesia
100%
Dominica
100%
Taiwan
100%
Kiribati
100%
Australia
100%
Luxembourg
100%
United States
100%
Nauru
100%
Netherlands
100%
Marshall Islands
100%
Bahamas
100%
Montenegro
100%
Tuvalu
100%
Lithuania
100%
New Zealand
100%
Monaco
100%
Belgium
100%
Slovakia
98%
Mexico
98%
Malta
98%
Fiji
98%
Finland
98%
Slovenia
98%
France
98%
Lebanon
98%
Germany
98%
Greece
98%
Namibia
98%
San Marino
98%
Liberia
98%
Ireland
98%
Italy
98%
Philippines
98%
Kosovo
98%
Palau
98%
Latvia
98%
Zimbabwe
98%
Estonia
98%
Egypt
98%
Spain
98%
East Timor
98%
Sudan
98%
Chile
98%
Syria
98%
Belize
98%
Colombia
98%
Barbados
98%
United Kingdom
98%
Canada
98%
Austria
98%
Argentina
98%
South Sudan
98%
Cuba
98%
Cyprus
98%
Antigua and Barbuda
98%
Uruguay
98%
Andorra
98%
Dominican Republic
98%
Vatican City
98%
Japan
94%
Sri Lanka
89%
Pakistan
89%
Nepal
89%
Mauritius
89%
Seychelles
89%
India
89%
Togo
87%
Equatorial Guinea
87%
Djibouti
87%
Mali
87%
Democratic Republic
of the Congo
87%
Gabon
87%
Ivory Coast
87%
Comoros
87%
Liechtenstein
87%
Senegal
87%
Niger
87%
Rwanda
87%
Benin
87%
Republic of the Congo
87%
Chad
87%
Guinea-Bissau
87%
Switzerland
87%
Burkina Faso
87%
Central African Republic
87%
Guinea
87%
Burundi
87%
Cameroon
87%
Russia
83%
Belarus
83%
Denmark
81%
Norway
81%
Iceland
79%
Sweden
79%
China
70%
Tunisia
66%
Poland
66%
Serbia
66%
Libya
66%
Bahrain
66%
Kuwait
66%
Jordan
66%
Algeria
66%
Iraq
66%
Turkey
64%
South Africa
62%
South Korea
60%
North Korea
60%
Brazil
57%
Thailand
57%
Bosnia and
Herzegovina
51%
Vietnam
51%
Venezuela
51%
Bhutan
49%
Oman
49%
Yemen
49%
Iran
49%
Hungary
47%
Indonesia
45%
Kenya
43%
Somalia
43%
United Arab Emirates
43%
Uganda
43%
Tanzania
43%
Morocco
43%
Israel
40%
Bulgaria
40%
Saudi Arabia
38%
Moldova
38%
Romania
38%
Qatar
38%
Albania
36%
Czech Republic
34%
Cape Verde
34%
Bolivia
30%
Peru
30%
Laos
28%
Costa Rica
28%
Guatemala
28%
Croatia
28%
Cambodia
26%
Uzbekistan
26%
Afghanistan
26%
Malaysia
26%
Paraguay
26%
Kyrgyzstan
26%
North Macedonia
25%
Kazakhstan
25%
Nigeria
23%
Angola
23%
Azerbaijan
23%
Turkmenistan
23%
Armenia
23%
Ukraine
21%
Myanmar
21%
Ghana
21%
Panama
21%
Malawi
19%
Bangladesh
19%
Ethiopia
19%
Zambia
19%
Sierra Leone
17%
Tajikistan
17%
Honduras
17%
Haiti
17%
Mongolia
17%
Botswana
17%
Vanuatu
15%
Mozambique
15%
Eritrea
15%
Nicaragua
15%
Madagascar
13%
Lesotho
11%
Papua New Guinea
11%
Samoa
11%
Georgia
11%
Maldives
11%
Mauritania
11%
Eswatini
9%
São Tomé and Príncipe
8%
Gambia
8%
Tonga
8%

Score Distribution

Percentile by Number Answered

Percent of People with Each Score

Your Score History

You have not taken this quiz